[Event "Malmo op"]
[Site "Malmo"]
[Date "2014.12.13"]
[Round "4"]
[White "Jonsson, Jacob"]
[Black "Karlsson, Viktor"]
[Result "1-0"]
[WhiteElo "1444"]
[BlackElo "1400"]
[PlyCount "56"]
[EventDate "2014.12.12"]
[EventType "swiss"]
[EventRounds "7"]
[EventCountry "SWE"]
[SourceTitle "EXT 2016"]
[Source "ChessBase"]
[SourceDate "2015.10.08"]
[SourceVersion "1"]
[SourceVersionDate "2015.10.08"]
[SourceQuality "1"]

1. d4 d5 2. c4 c6 3. e3 Nf6 4. Nc3 a6 5. a4 e6 6. Nf3 Bb4 7. Bd2 0-0 8. Bd3 Re8 9. Qc2 h6 10. 0-0 Nbd7 11. Rfd1 c5 12. cxd5 exd5 13. dxc5 Bxc5 14. Ne2 Ba7 15. Bc3 Nc5 16. Nf4 Nxd3 17. Qxd3 Be6 18. Rac1 Rb8 19. Nd4 Ne4 20. Ndxe6 fxe6 21. Be5 Rc8 22. Rxc8 Qxc8 23. f3 Ng5 24. Qg6 Bxe3+ 25. Kh1 Re7 26. Nh5 Qe8 27. Nf6+ Kf8 28. Nxe8 Rxe8 1-0